000 00784nam a2200253Ia 4500
003 OSt
005 20220930093012.0
006 a|||||r|||| 00| 0
007 ta
008 220926b |||||||| |||| 00| 0 eng d
024 _a28326
037 _cTheses
040 _aCRL
_cCRL
_beng
041 _2eng
_aeng
100 _aBawa Bhavna
_9550328
110 _aUniversity of Delhi. Faculty of Arts. Department of Psychology
_9169788
245 0 _aPatriarchy and battered woman syndrome
_b a study of battered women in Punjab
260 _c2014
650 _aPSYCHOLOGY
700 _a Gupta Ashum Gu.
_9540007
700 _aUniversity of Delhi. Faculty of Arts. Department of Psychology
_9169789
942 _cDIS
_2CC
999 _c884653
_d884653